[Event "Landesliga Nord 0910"]
[Site "Bayern"]
[Date "2009.11.29"]
[Round "3.7"]
[White "Konsek, Peter"]
[Black "Siegert, Wolfgang"]
[Result "0-1"]
[WhiteElo "1911"]
[BlackElo "1938"]
[PlyCount "106"]
[EventDate "2009.10.18"]
[EventType "team-tourn"]
[EventRounds "9"]
[EventCountry "GER"]
[SourceTitle "EXT 2011"]
[Source "ChessBase"]
[SourceDate "2010.11.26"]
[SourceVersion "1"]
[SourceVersionDate "2010.11.26"]
[SourceQuality "1"]
[WhiteTeam "Nuernberg Sued SW"]
[BlackTeam "Kulmbach"]
[WhiteTeamCountry "GER"]
[BlackTeamCountry "GER"]

1. e4 d6 2. d4 Nf6 3. Nc3 g6 4. Be3 c6 5. h3 b5 6. e5 dxe5 7. dxe5 Qxd1+ 8. Rxd1 Nfd7 9. f4 Nb6 10. Be2 Ba6 11. Bf3 e6 12. Ne4 Nd5 13. Bc5 Bxc5 14. Nxc5 Ke7 15. Ne2 Rc8 16. Kf2 Rc7 17. h4 h5 18. g4 hxg4 19. Bxg4 b4 20. Nxa6 Nxa6 21. h5 gxh5 22. Rxh5 Rg8 23. Bf3 Rcc8 24. Rh7 Nac7 25. Bh5 Rcf8 26. Bf3 Rh8 27. Rdh1 Rxh7 28. Rxh7 c5 29. Be4 Rg8 30. Bd3 Nb6 31. c4 bxc3 32. Nxc3 Nbd5 33. Ne2 Nb4 34. Bb1 Nbd5 35. Kf3 Nb5 36. Bd3 Nbc7 37. a3 Nb6 38. Rh1 Rd8 39. Ke4 c4 40. Rc1 Rxd3 41. Rxc4 Nxc4 42. Kxd3 Nxb2+ 43. Kc3 Na4+ 44. Kb4 Nb6 45. Kc5 Kd7 46. Nd4 Na4+ 47. Kb4 Nb2 48. Kc3 Nd1+ 49. Kd2 Nf2 50. Ke3 Ng4+ 51. Ke4 Nh6 52. a4 a6 53. Nb3 Kc6 0-1

[Event "Landesliga Nord 0708"]
[Site "Bayern"]
[Date "2008.04.20"]
[Round "9.7"]
[White "Troidl, Thomas"]
[Black "Siegert, Wolfgang"]
[Result "1/2-1/2"]
[WhiteElo "1919"]
[BlackElo "1916"]
[PlyCount "94"]
[EventDate "2007.10.21"]
[EventType "team-tourn"]
[EventRounds "9"]
[EventCountry "GER"]
[SourceTitle "EXT 2009"]
[Source "ChessBase"]
[SourceDate "2008.11.26"]
[SourceVersion "1"]
[SourceVersionDate "2008.11.26"]
[SourceQuality "1"]
[WhiteTeam "Regensburg Fortuna II"]
[BlackTeam "Kulmbach"]
[WhiteTeamCountry "GER"]
[BlackTeamCountry "GER"]

1. e4 c5 2. Nf3 g6 3. d4 cxd4 4. Nxd4 Bg7 5. Be3 Nf6 6. Nc3 Nc6 7. Be2 0-0 8. 0-0 d5 9. Nxc6 bxc6 10. e5 Nd7 11. f4 e6 12. Na4 Qe7 13. c4 f6 14. exf6 Qxf6 15. cxd5 exd5 16. Rc1 d4 17. Bd2 Rb8 18. Qc2 Nb6 19. Nc5 Bf5 20. Bd3 Nd5 21. b3 Bxd3 22. Qxd3 Qd6 23. Ne4 Qa3 24. Rc2 a5 25. Bc1 Qe7 26. Bd2 Rbe8 27. Ng3 Qd6 28. Qc4 Re6 29. f5 gxf5 30. Nxf5 Qe5 31. Nxg7 Rxf1+ 32. Qxf1 Kxg7 33. Qc1 Qf6 34. Bxa5 Nf4 35. Qf1 d3 36. Rf2 Qd4 37. Kh1 Rf6 38. Bd2 Nh5 39. Rxf6 Nxf6 40. Qc1 Ne4 41. Bh6+ Kg8 42. h3 d2 43. Bxd2 Nxd2 44. Qxc6 Qa1+ 45. Kh2 Qe5+ 46. Kh1 Qe1+ 47. Kh2 Qe5+ 1/2-1/2

[Event "Oberfranken-ch M 0708"]
[Site "Schney"]
[Date "2008.01.05"]
[Round "6"]
[White "Stieg, Bastian"]
[Black "Siegert, Wolfgang"]
[Result "1/2-1/2"]
[WhiteElo "1740"]
[BlackElo "1999"]
[PlyCount "61"]
[EventDate "2008.01.02"]
[EventType "swiss"]
[EventRounds "7"]
[EventCountry "GER"]
[SourceTitle "CBM 122 Extra"]
[Source "ChessBase"]
[SourceDate "2008.03.04"]
[SourceVersion "1"]
[SourceVersionDate "2008.03.04"]
[SourceQuality "1"]

1. c4 e5 2. Nc3 d6 3. g3 g6 4. Bg2 Bg7 5. e3 f5 6. Nge2 Nf6 7. 0-0 0-0 8. d4 c6 9. b3 a5 10. Bb2 Qe7 11. Qd2 Rd8 12. Rfd1 e4 13. a3 g5 14. b4 axb4 15. axb4 Rxa1 16. Rxa1 Nbd7 17. Na4 Qf7 18. c5 d5 19. b5 Qh5 20. bxc6 bxc6 21. Nb6 Nf8 22. Ra8 Qe8 23. Qa5 Be6 24. Qa4 Rxa8 25. Qxa8 Qxa8 26. Nxa8 N6d7 27. Nc7 Kf7 28. Na6 Ke8 29. Bc3 Kd8 30. Ba5+ Kc8 31. Nc1 1/2-1/2

[Event "Oberfranken-ch M 0708"]
[Site "Schney"]
[Date "2008.01.02"]
[Round "2"]
[White "Siegert, Wolfgang"]
[Black "Kuespert, Helmut"]
[Result "1/2-1/2"]
[WhiteElo "1999"]
[BlackElo "2081"]
[PlyCount "27"]
[EventDate "2008.01.02"]
[EventType "swiss"]
[EventRounds "7"]
[EventCountry "GER"]
[SourceTitle "CBM 122 Extra"]
[Source "ChessBase"]
[SourceDate "2008.03.04"]
[SourceVersion "1"]
[SourceVersionDate "2008.03.04"]
[SourceQuality "1"]

1. d4 Nf6 2. Bf4 b6 3. e3 Bb7 4. Nf3 d6 5. a4 a6 6. Bc4 e6 7. 0-0 Be7 8. h3 0-0 9. Nbd2 Nbd7 10. c3 d5 11. Bd3 Ne4 12. Ne5 Nxd2 13. Qxd2 Nxe5 14. Bxe5 1/2-1/2

[Event "Landesliga Nord 0708"]
[Site "Bayern"]
[Date "2007.10.21"]
[Round "1.6"]
[White "Dirmeier, Matthias"]
[Black "Siegert, Wolfgang"]
[Result "0-1"]
[WhiteElo "1971"]
[BlackElo "1941"]
[PlyCount "78"]
[EventDate "2007.10.21"]
[EventType "team-tourn"]
[EventRounds "9"]
[EventCountry "GER"]
[SourceTitle "EXT 2009"]
[Source "ChessBase"]
[SourceDate "2008.11.26"]
[SourceVersion "1"]
[SourceVersionDate "2008.11.26"]
[SourceQuality "1"]
[WhiteTeam "Schwandorf"]
[BlackTeam "Kulmbach"]
[WhiteTeamCountry "GER"]
[BlackTeamCountry "GER"]

1. e4 d6 2. d4 Nf6 3. Nc3 g6 4. f4 Bg7 5. Nf3 c5 6. Be3 cxd4 7. Nxd4 0-0 8. Be2 Nc6 9. Qd2 Bd7 10. h3 Rc8 11. g4 Nxd4 12. Bxd4 e5 13. Bf2 Rxc3 14. Qxc3 Nxe4 15. Qe3 Qa5+ 16. c3 exf4 17. Qxa7 Bxc3+ 18. Kf1 Ng3+ 19. Kg2 Bc6+ 20. Kh2 Qd5 21. Rhg1 Bxb2 22. Rad1 Qe4 23. Bd3 Qd5 24. Qb6 Be5 25. Bxg6 Nf1+ 26. Rdxf1 hxg6 27. Qb3 Ra8 28. Rd1 Qe4 29. h4 Ra5 30. Rd2 Rb5 31. Qc2 Qf3 32. h5 Rb2 33. Qc1 Kg7 34. Rxb2 gxh5 35. Rc2 Kf8 36. Rxc6 Qxf2+ 37. Rg2 f3+ 38. Kh3 Qxg2+ 39. Kh4 Qxg4# 0-1

[Event "Landesliga Nord 0506"]
[Site "Bayern"]
[Date "2006.01.29"]
[Round "6.5"]
[White "Siegert, Wolfgang"]
[Black "Schmahl, Stephan"]
[Result "1/2-1/2"]
[WhiteElo "1966"]
[BlackElo "2114"]
[PlyCount "59"]
[EventDate "2005.10.23"]
[EventType "team-tourn"]
[EventRounds "9"]
[EventCountry "GER"]
[SourceTitle "EXT 2007"]
[Source "ChessBase"]
[SourceDate "2006.11.23"]
[SourceVersion "1"]
[SourceVersionDate "2006.11.23"]
[SourceQuality "1"]

1. d4 f5 2. Bf4 Nf6 3. e3 d6 4. Bc4 g6 5. h4 h6 6. Nf3 Bg7 7. Qe2 e6 8. Nc3 Nc6 9. 0-0-0 Bd7 10. Bh2 Qe7 11. d5 exd5 12. Nxd5 Nxd5 13. Bxd5 0-0-0 14. c3 g5 15. Qc4 Ne5 16. Bxe5 dxe5 17. hxg5 hxg5 18. Rxh8 Rxh8 19. Bxb7+ Kxb7 20. Nxg5 Bc6 21. Ne6 Bf6 22. Nc5+ Ka8 23. Ne6 Kb7 24. Nc5+ Ka8 25. Ne6 Bb7 26. Nxc7+ Kb8 27. Na6+ Ka8 28. Nc7+ Kb8 29. Na6+ Ka8 30. Nc7+ 1/2-1/2

[Event "Regionalliga NW 0405"]
[Site "Bayern"]
[Date "2004.12.12"]
[Round "4.7"]
[White "Gutzeit, Kurt"]
[Black "Siegert, Wolfgang"]
[Result "1-0"]
[WhiteElo "1976"]
[BlackElo "1980"]
[PlyCount "73"]
[EventDate "2004.10.24"]
[EventType "team-tourn"]
[EventRounds "9"]
[EventCountry "GER"]
[SourceTitle "EXT 2007"]
[Source "ChessBase"]
[SourceDate "2006.11.23"]
[SourceVersion "1"]
[SourceVersionDate "2006.11.23"]
[SourceQuality "1"]
[WhiteTeam "Burgsinn"]
[BlackTeam "Kulmbach"]
[WhiteTeamCountry "GER"]
[BlackTeamCountry "GER"]

1. d4 d6 2. c4 g6 3. Nc3 Bg7 4. Nf3 Nf6 5. g3 0-0 6. Bg2 Nbd7 7. 0-0 e5 8. b3 c6 9. Bb2 e4 10. Ne1 Qe7 11. Nc2 Re8 12. e3 Nf8 13. h3 h5 14. f3 exf3 15. Rxf3 Bf5 16. Rxf5 gxf5 17. Qf3 Ne4 18. Qxf5 Nxg3 19. Qf4 h4 20. Re1 Ne6 21. Qg4 f5 22. Qd1 Ng5 23. Kh2 Rad8 24. Ne2 Nxe2 25. Qxe2 d5 26. Qf2 Qd6+ 27. Kh1 Ne4 28. Bxe4 Rxe4 29. Rg1 Qf6 30. Bc1 Rde8 31. cxd5 cxd5 32. Nb4 Qd6 33. Nd3 Kf7 34. Qxf5+ Qf6 35. Qxd5+ Kf8 36. Ba3+ R4e7 37. Nf4 1-0

[Event "Regionalliga NW 0405"]
[Site "Bayern"]
[Date "2004.11.14"]
[Round "2.5"]
[White "Haase, Joerg"]
[Black "Siegert, Wolfgang"]
[Result "0-1"]
[WhiteElo "1968"]
[BlackElo "1980"]
[PlyCount "54"]
[EventDate "2004.10.24"]
[EventType "team-tourn"]
[EventRounds "9"]
[EventCountry "GER"]
[SourceTitle "EXT 2007"]
[Source "ChessBase"]
[SourceDate "2006.11.23"]
[SourceVersion "1"]
[SourceVersionDate "2006.11.23"]
[SourceQuality "1"]
[WhiteTeam "Schweinheim"]
[BlackTeam "Kulmbach"]
[WhiteTeamCountry "GER"]
[BlackTeamCountry "GER"]

1. d4 Nf6 2. Nc3 d6 3. e4 g6 4. f4 Bg7 5. Nf3 c5 6. d5 0-0 7. Bd3 b5 8. Nxb5 c4 9. e5 Qa5+ 10. Nc3 cxd3 11. exf6 dxc2 12. Qxc2 Bxf6 13. Qb3 Na6 14. Bd2 Nc5 15. Qa3 Nd3+ 16. Ke2 Nxf4+ 17. Kf2 Qb6+ 18. Be3 Nd3+ 19. Ke2 Qxb2+ 20. Qxb2 Nxb2 21. Bd4 Ba6+ 22. Kf2 Nd3+ 23. Ke3 Rac8 24. Bxf6 exf6 25. Ne4 Rfe8 26. Kd4 Rc4+ 27. Kxd3 Rcxe4+ 0-1

[Event "Regionalliga NW 0304"]
[Site "Bayern"]
[Date "2004.03.07"]
[Round "7.3"]
[White "Siegert, Wolfgang"]
[Black "Kliche, Alexander"]
[Result "0-1"]
[WhiteElo "1981"]
[BlackElo "1984"]
[PlyCount "88"]
[EventDate "2003.10.12"]
[EventType "team-tourn"]
[EventRounds "9"]
[EventCountry "GER"]
[SourceTitle "EXT 2006"]
[Source "ChessBase"]
[SourceDate "2005.11.24"]
[SourceVersion "1"]
[SourceVersionDate "2005.11.24"]
[SourceQuality "1"]
[WhiteTeam "Kulmbach"]
[BlackTeam "Kitzingen"]
[WhiteTeamCountry "GER"]
[BlackTeamCountry "GER"]

1. d4 d5 2. Bf4 Nf6 3. e3 Bf5 4. c4 c6 5. Nc3 e6 6. Qb3 Qb6 7. c5 Qxb3 8. axb3 Nbd7 9. b4 Nh5 10. Nf3 Nxf4 11. exf4 Be7 12. b5 0-0 13. Be2 a6 14. bxa6 bxa6 15. 0-0 Rfb8 16. Ra2 Bg4 17. Ne5 Nxe5 18. fxe5 Bxe2 19. Nxe2 a5 20. f4 Rb4 21. g3 h5 22. Kf2 Bd8 23. Ke3 Rab8 24. Rb1 Rb3+ 25. Kd2 R8b4 26. Kc2 Rf3 27. Kd2 Kh7 28. h3 h4 29. Rg1 hxg3 30. Rxg3 Rxg3 31. Nxg3 Rxd4+ 32. Ke3 Rc4 33. f5 Rxc5 34. fxe6 fxe6 35. Ra3 Rb5 36. b3 Be7 37. Ra1 Rxb3+ 38. Kf4 Rb4+ 39. Kf3 a4 40. Nh5 Kg6 41. Nf4+ Kf5 42. Nh5 g5 43. Re1 Kg6 44. Ng3 a3 0-1

[Event "Regionalliga NW 0304"]
[Site "Bayern"]
[Date "2003.11.23"]
[Round "3.5"]
[White "Siegert, Wolfgang"]
[Black "Wuest, Michael"]
[Result "1-0"]
[WhiteElo "1981"]
[BlackElo "1898"]
[PlyCount "115"]
[EventDate "2003.10.12"]
[EventType "team-tourn"]
[EventRounds "9"]
[EventCountry "GER"]
[SourceTitle "EXT 2006"]
[Source "ChessBase"]
[SourceDate "2005.11.24"]
[SourceVersion "1"]
[SourceVersionDate "2005.11.24"]
[SourceQuality "1"]
[WhiteTeam "Kulmbach"]
[BlackTeam "Hof"]
[WhiteTeamCountry "GER"]
[BlackTeamCountry "GER"]

1. d4 Nf6 2. Bf4 g6 3. Nc3 Bg7 4. Nf3 d6 5. Qd2 c6 6. h3 Qc7 7. e4 0-0 8. g4 b5 9. a3 a6 10. Bg2 Bb7 11. e5 Nd5 12. Nxd5 cxd5 13. exd6 exd6 14. 0-0 Nc6 15. Rfe1 Qd7 16. Bh6 Nd8 17. Re2 Ne6 18. Rae1 a5 19. Bxg7 Kxg7 20. Nh4 Kg8 21. f4 Qd8 22. f5 Qxh4 23. fxe6 fxe6 24. Rxe6 Rad8 25. Re7 Ba8 26. Qe3 Kh8 27. Re2 Bc6 28. Re1 Rde8 29. Kh2 Qf6 30. Rxe8 Rxe8 31. Qf3 Qxf3 32. Rxe8+ Bxe8 33. Bxf3 Bc6 34. c3 Kg7 35. g5 h6 36. h4 hxg5 37. hxg5 Kf7 38. Kg3 a4 39. Kf4 Kg7 40. Bd1 Kf7 41. b3 axb3 42. Bxb3 Kg7 43. Ba2 Kf7 44. Ke3 Kg7 45. Kd2 Kf7 46. Kc1 Ke6 47. Bb1 Kf7 48. Bd3 Bd7 49. Kb2 Be8 50. Kb3 Bd7 51. Kb4 Bf5 52. Bxb5 Ke7 53. Bc6 Be4 54. c4 Ke6 55. Bxd5+ Bxd5 56. cxd5+ Kd7 57. Kb5 Kc7 58. Ka6 1-0

[Event "Oberfranken-ch M 9293"]
[Site "Schney"]
[Date "1993.??.??"]
[Round "?"]
[White "Siegert, Wolfgang"]
[Black "Reichel, Alfred"]
[Result "1/2-1/2"]
[WhiteElo "2102"]
[BlackElo "2072"]
[PlyCount "30"]
[EventDate "1993.04.04"]
[EventType "swiss"]
[EventRounds "9"]
[EventCountry "GER"]
[SourceTitle "EXT 2015"]
[Source "ChessBase"]
[SourceDate "2014.11.20"]
[SourceVersion "1"]
[SourceVersionDate "2014.11.20"]
[SourceQuality "1"]

1. e4 c5 2. Nc3 Nc6 3. Nge2 g6 4. g3 Bg7 5. Bg2 d6 6. 0-0 Nf6 7. d4 cxd4 8. Nxd4 Bd7 9. Nde2 0-0 10. Nd5 Nxd5 11. exd5 Na5 12. a4 Qc7 13. Ra2 a6 14. b3 b5 15. axb5 axb5 1/2-1/2